Statistics for F1 Podiums 2020

Click here to take the quiz!

General Stats

  • This quiz has been taken 40 times
  • The average score is 13 of 14

Answer Stats

HintAnswer% Correct
aMax Verstappen
100%
aCarlos Sainz
97%
aCharles Leclerc
97%
aLewis Hamilton
97%
aSergio Perez
97%
aLando Norris
94%
aSebastian Vettel
94%
aValtteri Bottas
94%
aDaniel Ricciardo
91%
aPierre Gasly
91%
aLance Stroll
88%
aEsteban Ocon
85%
aAlexander Albon
82%
aGeorge Russell
79%

Score Distribution

Percentile by Number Answered

Percent of People with Each Score

Your Score History

You have not taken this quiz